00786nam a2200193 i 450000100060000000300090000600500170001500700030003200800410003510000280007624501800010426000520028430000300033653000350036665000170040165000290041885200610044785600840050831431ES-MaACL20250812082606.0t|030129q1909 fr a |||| | fre d1 aBénédite, Léonce.10aHistoire des Beaux Arts b: 1800-1900 : Peinture, Sculture, Architecture, Medaille et Gryptique, Gravure, Arts decoratifs en France et á l'etranger /cLéonce Bénédite. aParis : b[s.n., cca. 1909] (fImp. Nationale) a738 p. : bil. ; c29 cm. aDisponible en formato digital. 0aArte-yS.XIX 7aArtes decorativas2embne aES-MaACLjC-2521cSPALzRevisado enlace: 1 de Junio 20254 uhttps://archive.org/details/histoiredesbeaux00bnuoft/page/n9 yInternet Archive